Six Sigma on a budget : (Record no. 49930)

MARC details
000 -LEADER
fixed length control field 01082nam a22002777a 4500
005 - DATE AND TIME OF LATEST TRANSACTION
control field 20110119111114.0
008 - FIXED-LENGTH DATA ELEMENTS--GENERAL INFORMATION
fixed length control field 110119t xxu||||| |||| 00| 0 eng d
010 ## - LCCN (DPL NO)
LC control number ENG-101905
020 ## - INTERNATIONAL STANDARD BOOK NUMBER
International Standard Book Number 9780071067447
Terms of availability 295.00
020 ## - INTERNATIONAL STANDARD BOOK NUMBER
International Standard Book Number 0071067442
Terms of availability 295.00
035 ## - SYSTEM CONTROL NUMBER
System control number EN-85438
037 ## - SOURCE OF ACQUISITION
Source of stock number/acquisition DBAD/PUB
040 ## - CATALOGING SOURCE
Original cataloging agency dpl
Language of cataloging Eng
082 04 - DEWEY DECIMAL CLASSIFICATION NUMBER
Classification number 658.4013
100 1# - MAIN ENTRY--PERSONAL NAME
Personal name Brussee, Warren
9 (RLIN) 25368
245 10 - TITLE STATEMENT
Title Six Sigma on a budget :
Remainder of title achieving more with less using the principles of Six Sigma /
Statement of responsibility, etc by Warren Brussee
260 ## - PUBLICATION, DISTRIBUTION, ETC. (IMPRINT)
Place of publication, distribution, etc New Delhi
Name of publisher, distributor, etc Tata McGraw-Hill
Date of publication, distribution, etc c2010
270 ## - ADDRESS
Address 7 West Patel Nagar
City New Delhi
Postal code 110008
300 ## - PHYSICAL DESCRIPTION
Extent vii, 183 p. :
Other physical details ill.
Dimensions 23 cm (pbk)
500 ## - GENERAL NOTE
General note Includes bibliographical references and index.
650 #0 - SUBJECT ADDED ENTRY--TOPICAL TERM
Topical term or geographic name as entry element Six sigma (Quality control standard)
9 (RLIN) 25369
650 #0 - SUBJECT ADDED ENTRY--TOPICAL TERM
Topical term or geographic name as entry element Total quality management.
9 (RLIN) 25370
942 ## - ADDED ENTRY ELEMENTS (KOHA)
Source of classification or shelving scheme Dewey Decimal Classification
Item type English Books
Classification part 658.4013
Call number suffix BRU
Holdings
Withdrawn status Lost status Source of classification or shelving scheme Damaged status Not for loan Collection code Home library Current library Date acquired Source of acquisition Cost, normal purchase price Total Checkouts Full call number Barcode Date last seen Copy number Cost, replacement price Koha item type
    Dewey Decimal Classification   Not For Loan Non-fiction D.B.Act.Division D.B.Act.Division 19/01/2011 DBAD/PUB 295.00   658.4013 BRU EN-85438 19/01/2011 1 295.00 English Books

© Delhi Public Library
Hit Counter
free hit counter